000 00589nas a2200229Ia 4500
001 db4-29417
003 IT-MiCISF
005 20230306102500.0
008 161014c99999999xx |||||||||||| ||und||
040 _aIT-MiCISF
_cIT-MiCISF
041 _aitaliano
100 _aSpinsanti Sandro
_956342
245 0 _aLe mani sulla vita
250 _a"Jesus", supplemento al n. 2
260 _c1990
300 _app. 173
500 _abioetica, società, morale, procreazione-artificiale, malattia
650 _abioetica
_956169
654 _asaggio
942 _cDD
_2ddc
999 _c248037
_d248037
999 _bSi